| 000 -LEADER |
| fixed length control field |
00435cam a22001337a 4500 |
| 008 - FIXED-LENGTH DATA ELEMENTS--GENERAL INFORMATION |
| fixed length control field |
180718b1975 xxu||||| |||| 00| 0 eng d |
| 082 ## - DEWEY DECIMAL CLASSIFICATION NUMBER |
| Classification number |
T42x6762 F874 |
| 100 ## - MAIN ENTRY--PERSONAL NAME |
| Personal name |
Frediani, Lorenzo |
| 245 ## - TITLE STATEMENT |
| Title |
The liquidity policy of deposit banks in Kenya |
| Statement of responsibility, etc. |
by Lorenzo Frediani |
| 260 ## - PUBLICATION, DISTRIBUTION, ETC. |
| Place of publication, distribution, etc. |
Milan |
| Name of publisher, distributor, etc. |
Cassa Di Risparmio Delle Provincie Lombarde |
| Date of publication, distribution, etc. |
1975 |
| 300 ## - PHYSICAL DESCRIPTION |
| Extent |
277p. |
| 440 ## - SERIES STATEMENT/ADDED ENTRY--TITLE |
| Title |
The credit markets of Africa: No. 12 |
| 650 ## - SUBJECT ADDED ENTRY--TOPICAL TERM |
| Topical term or geographic name entry element |
Banks - Kenya |